The emotions : social, cultural and biological dimensions /
I tiakina i:
| Kaituhi matua: | |
|---|---|
| Ētahi atu kaituhi: | |
| Hōputu: | Pukapuka |
| Reo: | Ingarihi |
| I whakaputaina: |
London :
Sage,
c1996.
|
| Ngā marau: | |
| Ngā Tūtohu: |
Kāore He Tūtohu, Me noho koe te mea tuatahi ki te tūtohu i tēnei pūkete!
|
MARC
| LEADER | 00000cam a22000002a 4500 | ||
|---|---|---|---|
| 001 | 0000006398 | ||
| 003 | DAYSTAR | ||
| 005 | 20171024020004.0 | ||
| 008 | 030703s1996 xx 001 0 eng d | ||
| 020 | |a 0803979304 | ||
| 040 | |a Daystar |d BNjogu | ||
| 050 | 0 | 0 | |a BF531 |b .E525 |
| 100 | 1 | |a Harre, Rom. | |
| 245 | 1 | 4 | |a The emotions : |b social, cultural and biological dimensions / |c by Rom Harre. |
| 260 | |a London : |b Sage, |c c1996. | ||
| 300 | |a viii,323p. : |b ill. | ||
| 504 | |a Includes index. | ||
| 630 | 0 | 0 | |
| 650 | 0 | |a Emotions. | |
| 700 | 1 | |a Parrott, W. Gerrod. | |
| 908 | |a 060412 | ||
| 942 | |c G |0 1 | ||
| 952 | |0 0 |1 0 |4 0 |6 BF_531_000000000000000_E525 |7 0 |9 1921 |a DUA |b DUA |c GC |d 2017-09-28 |l 0 |o BF531.E525 |p BK000537 |r 2017-09-28 00:00:00 |t c.1 |w 2017-09-28 |x 42218 |y G | ||
| 952 | |0 0 |1 0 |4 0 |6 BF_531_000000000000000_E525 |7 0 |9 1922 |a DUA |b DUA |c GC |d 2017-09-28 |l 1 |o BF531.E525 |p BK024308 |r 2017-11-13 00:00:00 |s 2017-10-23 |t c.2 |w 2017-09-28 |x 42219 |y G | ||
| 999 | |c 1264 |d 1264 | ||